Saxony Top 30 Cities by population - Statistics

General Stats
  • This quiz has been taken 157 times
    143 since last reset
  • The average score is 16 of 30
Answer Stats
Population City % Correct
551,072 Dresden
100%
581,980 Leipzig
100%
246,855 Chemnitz
97%
90,192 Zwickau
89%
56,391 Görlitz
88%
39,429 Bautzen
80%
65,148 Plauen
78%
28,061 Meissen
73%
38,276 Pirna
72%
25,575 Zittau
71%
41,496 Freiberg
70%
30,392 Riesa
61%
33,116 Hoyerswerda
58%
39,300 Freital
53%
33,954 Radebeul
50%
20,000 Annaberg-Buchholz
48%
20,088 Torgau
47%
23,728 Döbeln
42%
28,153 Grimma
40%
18,451 Radeberg
40%
24,794 Delitzsch
33%
24,644 Markkleeberg
32%
20,899 Coswig
30%
22,718 Glauchau
30%
19,263 Borna
29%
18,562 Auerbach
25%
20,882 Reichenbach im Vogtland
22%
24,066 Limbach-Oberfrohna
21%
18,746 Crimmitschau
19%
20,795 Werdau
19%
No matching quizzes found
Score Distribution
Percent of People with Each Score
Percentile by Number Answered
Your Score History
You have not taken this quiz since the last reset